00726nai a2200193Ia 4500003000900000008004100009022002200050022002300072040001600095245003900111260003600150310001700186362002500203521006900228856007100297942000700368999001700375952014000392IN-BaIIA211028c9999 xx s 000 0 eng d a0897-4756 (Print) a1520-5002 (Online) cIIA Library 0aChemistry of Materialsh[eJournal] aWashington DCbACS Publications aSemi-monthly a8(1); 1996 - Present bSubscribed through National Knowledge Resource Consortium (NKRC) uhttps://pubs.acs.org/journal/cmatexyClick Here to Access eJournal cEJ c34172d34172 00104070aBANbBANd2009-01-01eNKRCh8(1); 1996 - Presentl0pEJ256r2021-11-05uhttps://pubs.acs.org/journal/cmatexw2021-11-05yEJ